000 00563nmm a2200169Ia 4500
008 251105s9999||||xx |||||||||||||||||und||
020 _a9789681674489
041 _aspa
100 _aMatos, Tonatiuh
245 0 _a¿De qué está hecho el universo? Materia oscura y energía oscura :
_b Materia oscura y energía oscura
264 _a[México D.C., Mexico] :
_bFondo de Cultura Económica,
_c2011
300 _a153 páginas
490 _aLa Ciencia para Todos
650 _aSciences
856 _uhttps://public.digitaliapublishing.com/a/64010
942 _cCF
999 _c96996
_d96996